Дело о выдаче денег главному бутафору Карнееву на расходы и разные покупки по гардеробу

Доступно только в Электронных читальных залах Найти на картеНа карте
RUSMARC
00003644nmc2a22000003x 450
0010283249f-f100-4ba4-8a0c-7a8f97d4645a
00520181129135201.0
100##$a20170118l18261827 l0rusy0189 ca
1010#$arus
102##$aRU
2001#$aДело о выдаче денег главному бутафору Карнееву на расходы и разные покупки по гардеробу
$j25 июня 1826 г. - 22 февраля 1827 г.
251##$cДело
300##$aДело
801#0$aRU
$bРГИА
$c20170118
$gRCR
801#1$aRU
$bГлавНИВЦ
$c20170118
$2rusmarc
801#2$aRU
$bПБ им. Б.Н. Ельцина
$c20181129
$gRCR
$2rusmarc
850##$aРГИА
852##$aРГИА
$eФедеральное казенное учреждение "Российский государственный исторический архив" (РГИА)
$j3097
937##$hРГИА
$d12235068
$aASBIBLIO_SCAN
462#0$1001dd3991dc-24e1-42ec-8838-ca4255420416
$12001
$aДирекция императорских театров (1746-1850 гг.)
$1251
$cОпись
$1852
$j1
461#0$10019264ebf8-de62-4f1a-9eb4-9f22098dbbd5
$12001
$aДирекция императорских театров Министерства императорского двора
$1251
$cФонд
$1852
$j497
215##$a61 л.
$d36,5х26 см
371##$aДокумент не является опубликованным и широко распространяемым
105##$ay###
1222#$ad
035##$a0283249f-f100-4ba4-8a0c-7a8f97d4645a
856##$uhttp://readingroom.main.prlib.ru/item.aspx?id_node=n121143886&mode=full
Формат отображения